Tri normatívne modely demokracie

Vymedzenie protikladných čŕt proceduralistického pohľadu na demokraciu a politiku vyjednávania a odlišných paradigiem - liberálnej a republikánskej. Obraz štátu a spoločnosti podľa týchto rôznych koncepcií.

Salvato in:
Dettagli Bibliografici
Autore principale: Habermas, Jürgen
Altri autori: Hábová, Ľubica
Natura: Capitolo di libro
Lingua:slovacco
Soggetti:
Tags: Aggiungi Tag
Nessun Tag, puoi essere il primo ad aggiungerne!!

MARC

LEADER 00000naa a2200000 4500
001 r039374
005 20230925103042.7
041 0 |a slo 
044 |a SK 
245 1 0 |a Tri normatívne modely demokracie  |c Jürgen Habermas ; Prekl. Ľubica Hábová 
520 |a Vymedzenie protikladných čŕt proceduralistického pohľadu na demokraciu a politiku vyjednávania a odlišných paradigiem - liberálnej a republikánskej. Obraz štátu a spoločnosti podľa týchto rôznych koncepcií. 
610 2 0 |a demokracia 
610 2 0 |a politika 
610 2 0 |a filozofia 
610 2 0 |a spoločnosť 
610 2 0 |a modely 
610 2 0 |a štát 
610 2 0 |a zvrchovanosť 
100 1 |a Habermas, Jürgen 
700 1 |a Hábová, Ľubica